000
00219 a2200097 4500
001
8586
100
_a
Mufti Mumtaz
245
_a
Samey ka bandhan (Not available-664-B)
260
_a
_b
Ferozsons
_c
090
_c
6909
_d
6909
942
_a
NUST-CAE
_c
M
_c
33499
999
_c
243659
_d
243659